Language Quiz

Random Language or Letter Quiz
Score 0/10 Timer 02:00
1 Play Today
Clue Y-Word % Correct
Male-only human sex chromosomeY
99.9%
The color of caution and cowardsyellow
98.6%
Japanese currencyyen
98.3%
A sound of sleepinessyawn
98%
It preceded tomorrow by 48 hoursyesterday
97.4%
An interjection to call attentionyo
96.4%
A high-end large boatyacht
96%
An annual collection of HS or College people and photosyearbook
93.4%
Former European countryYugoslavia
86.4%
Chemical element (#39) which is used in lasersyttrium
39.8%
Remove Ads.
Support Sporcle.
Get the best of Sporcle when you Go Orange. This ad-free experience offers more features, more stats, and more fun while also helping to support Sporcle. Thank you for becoming a member.

You're not logged in!

Compare scores with friends on all Sporcle quizzes.
OR
Log In

Sporcle TV

Today on Sporcle TV


Watch our educational content, quiz creation guides, and fun videos on Sporcle TV.

Show Comments

Extras

Top Quizzes Today


Score Distribution

Paid Content

Your Account Isn't Verified!

In order to create a playlist on Sporcle, you need to verify the email address you used during registration. Go to your Sporcle Settings to finish the process.

Report this User

Report this user for behavior that violates our Community Guidelines.

Details: